| Tag |
First Indicator |
Second Indicator |
Subfields |
| LEADER |
00000cam a2200000 4500 |
| 001 |
in00000030464 |
| 005 |
20151007061612.0 |
| 008 |
740521s1956 nyu 00000 eng u |
| 010 |
|
|
|a 56005726
|
| 035 |
|
|
|a (OCoLC)00891800
|
| 035 |
|
|
|9 AAD2559AM
|
| 040 |
|
|
|c KSU
|d TXA
|d UtOrBLW
|
| 041 |
1 |
|
|a eng
|a fre
|
| 049 |
|
|
|a TXAM
|c [267605]
|
| 050 |
|
0 |
|a ML3561.J3
|b H6383 1956
|
| 092 |
|
|
|a 781.5
|b H678j
|
| 100 |
1 |
|
|a Hodeir, André,
|d 1921-2011.
|
| 245 |
1 |
0 |
|a Jazz: its evolution and essence /
|c Translated by David Noakes.
|
| 264 |
|
1 |
|a New York :
|b Grove Press,
|c [1956]
|
| 300 |
|
|
|a ix, 295 pages ;
|c 22 cm.
|
| 336 |
|
|
|a text
|b txt
|2 rdacontent
|
| 337 |
|
|
|a unmediated
|b n
|2 rdamedia
|
| 338 |
|
|
|a volume
|b nc
|2 rdacarrier
|
| 500 |
|
|
|a Translation of Hommes et problemes du jazz.
|
| 500 |
|
|
|a "Part VI, which was written especially for this version, brings things more up to date by surveying the state of jazz at the death of Charlie Parker in March 1955. The discography at the end of the book has been revised to indicate on what labels the records are available in America."
|
| 500 |
|
|
|a Includes music.
|
| 650 |
|
0 |
|a Jazz.
|
| 650 |
|
0 |
|a Jazz
|v Discography.
|
| 999 |
|
|
|a MARS
|
| 999 |
f |
f |
|s 0dd664bc-e6cd-368c-966d-dfc758b29558
|i 62456c14-620b-3b5e-bc21-b281cd23856f
|t 0
|
| 952 |
f |
f |
|p normal
|a Texas A&M University
|b College Station
|c Sterling C. Evans Library
|d Evans: Library Stacks
|t 0
|e ML3561.J3 H6383 1956
|h Library of Congress classification
|i unmediated -- volume
|m A14823632077
|
| 998 |
f |
f |
|a ML3561.J3 H6383 1956
|t 0
|l Evans: Library Stacks
|